| Поле | Инд. | ПП | Название | Значение |
|---|---|---|---|---|
| Тип записи | a | |||
| Библиографический уровень | m | |||
| 001 | Контрольный номер | 34e47e73-1607-422f-bf3b-d81a74da0479 | ||
| 005 | Дата корректировки | 20150513111931.5 | ||
| 008 | Кодируемые данные | 000420 d | ||
| 020 | c | Цена, тираж | 13.33 | |
| 040 | a | Служба первич. каталог. | НБ ТвГУ | |
| 041 | a | Код языка текста | rus | |
| 080 | a | Индекс УДК | 531/534(075.8) | |
| 084 | a | Индекс другой классификации/Индекс ББК | В25я73-1 | |
| 090 | a | Полочн. индекс | В25 | |
| x | Авторский знак | С 28 | ||
| 100 | 1_ | a | Автор | Седов Леонид Иванович |
| q | Полное имя | Седов Л. И. | ||
| 245 | 10 | a | Заглавие | Механика сплошной среды |
| b | Продолж. заглавия | учебник для студентов университетов и высших технических учебных заведений | ||
| n | Номер части/ раздела | Т. 1 | ||
| 246 | _2 | a | Другая форма заглавия | Нелинейные тензорные функции от нескольких тензорных аргументов |
| 246 | 02 | a | Другая форма заглавия | Модели сплошных сред с внутренними степенями свободы |
| 250 | a | Основные сведения об издании | Изд. 3-е, испр. и доп. | |
| 260 | 0_ | a | Место издания | Москва |
| b | Издательство | Наука | ||
| c | Дата издания | 1976 | ||
| 300 | a | Объем | 535 с. | |
| b | Иллюстрации/ тип воспроизводства | ил. | ||
| 500 | a | Примечание | В прил. также: Нелинейные тензорные функции от нескольких тензорных аргументов / В. В. Лохин, Л. И. Седов. Модели сплошных сред с внутренними степенями свободы / Л. И. Седов. | |
| 504 | a | Библиография | Библиогр.: с. 500-501, 527 | |
| 504 | a | Библиография | Предм. указ.: с. 528-535 | |
| 520 | a | Аннотация | Книга представляет собой оригинальный учебник, в котором механика, термодинамика, электродинамика и соответствующие математические методы излагаются как единое целое применительно к твердым, жидким и газообразным телам и теории электромагнитного поля. Математические методы и, в частности тензорное исчисление, даются в усовершенствованной и простой трактовке. Первый том книги посвящен изложению общих понятий механики сплошной среды, простейших моделей сплошных сред и теории основных термодинамических и электродинамических характеристик и уравнений. | |
| 583 | a | Действие | Получение впервые 393 17.07.98 | |
| k | Исполнитель действия | ОРФ ОУНБ им.А.М.Горького | ||
| 653 | a | Ключевые слова | Механика сплошных сред | |
| a | Ключевые слова | Сплошные среды | ||
| a | Ключевые слова | Учебники для вузов | ||
| 700 | 1_ | a | Другие авторы | Лохин В. В. |
| e | Роль лиц | соавт. ст. | ||
| 852 | p | Инвентарный номер | 698689 | |
| t | Порядковый номер экземпляра | 1 | ||
| 888 | a | Безвозмездно | ||
| 901 | t | Тип документа | m | |
| 910 | a | гриф есть* | ||
| 920 | a | Оператор | Семен | |
| a | Оператор | Конд | ||
| a | Оператор | Густ | ||
| a | Оператор | Стро | ||
| 930 | a | Новая/Ретро | новая | |
| 952 | c | Вид литературы | К ру | |
| p | 393.98 13.33 1 698689 | |||
| 954 | a | Дата поступления на обработку | 19980724 | |
| c | Дата окончания ОНО | 20141027 | ||
| b | Дата поступления в ОК | 20141023 | ||
| 999 | a | Подразделение 2 | Фил3 |